000
00474nam a2200181Ia 4500
008
100917s9999 xx 000 0 und d
082
_b
59387
100
_a
यशवंत
245
_a
जय मङगला
260
_b
प्र. श्री. कोल्हटकर
_c
---
300
_a
68
365
_b
5
520
_a
कविता
630
_a
जय मङगला
650
_a
कविता
730
_a
जय मङगला
942
_c
BOOK
999
_c
664781
_d
664778